Southville International School and Colleges
Your cart is empty.
  • Cart
  • Lists
    Public lists Eva Luna New books Lux_list list_1
    Your lists Log in to create your own lists
  • Log in to your account
  • Your cookies
  • Search history
Southville International School and Colleges
  • Advanced search
  • Recent comments
  • Most popular
  • Libraries

Log in to your account

Log in with GOOGLE


If you do not have an external account, but do have a local account, you can still log in:

  1. Home
  2. MARC view: Motivating employees /
Normal view MARC view ISBD view

Motivating employees / (Record no. 23401)

[ view plain ]
MARC details
000 -LEADER
fixed length control field 00517nam a2200193 a 4500
005 - DATE AND TIME OF LATEST TRANSACTION
control field 20140310183451.0
008 - FIXED-LENGTH DATA ELEMENTS--GENERAL INFORMATION
fixed length control field 090107s19uu xx 00 eng d
020 ## - INTERNATIONAL STANDARD BOOK NUMBER
International Standard Book Number 9780070137875
050 ## - LIBRARY OF CONGRESS CALL NUMBER
Classification number HF 5549.5.M63
Item number .K26 2007
100 ## - MAIN ENTRY--PERSONAL NAME
Personal name Kehoe, Daniel
245 ## - TITLE STATEMENT
Title Motivating employees /
Statement of responsibility, etc Daniel Kehoe
260 ## - PUBLICATION, DISTRIBUTION, ETC. (IMPRINT)
Place of publication, distribution, etc Australia :
Name of publisher, distributor, etc McGraw-Hill,
Date of publication, distribution, etc 2007.
300 ## - PHYSICAL DESCRIPTION
Extent 51 p. :
Other physical details col. ill. ;
Dimensions 22 cm.
521 ## - TARGET AUDIENCE NOTE
Target audience note
650 ## - SUBJECT ADDED ENTRY--TOPICAL TERM
Topical term or geographic name as entry element BSBA.
650 ## - SUBJECT ADDED ENTRY--TOPICAL TERM
Topical term or geographic name as entry element Employee motivation.
942 ## - ADDED ENTRY ELEMENTS (KOHA)
Koha item type Books
Source of classification or shelving scheme Library of Congress Classification
Call number prefix Foreign
Holdings
Withdrawn status Lost status Source of classification or shelving scheme Damaged status Home library Current library Shelving location Date acquired Source of acquisition Total Checkouts Total Renewals Full call number Barcode Date last seen Date checked out Copy number Price effective from Koha item type
    Library of Congress Classification   College Library College Library General Circulation Section 01/08/2009 Donation 1 1 HF 5549.5.M63 .K26 2007 C10078 05/15/2018 01/21/2015 1 10/18/2013 Books

Motivating employees /

APA

Kehoe D., . (2007). Motivating employees. Australia: McGraw-Hill.

Chicago

Kehoe Daniel, . 2007. Motivating employees. Australia: McGraw-Hill.

Harvard

Kehoe D., . (2007). Motivating employees. Australia: McGraw-Hill.

MLA

Kehoe Daniel, . Motivating employees. Australia: McGraw-Hill. 2007.

  • Place hold
  • Print
  • Cite
  • Add to your cart (remove)
  • Save record
    BIBTEX Dublin Core MARCXML MARC (non-Unicode/MARC-8) MARC (Unicode/UTF-8) MARC (Unicode/UTF-8, Standard) MODS (XML) RIS
  • More searches
    Search for this title in:
    Other Libraries (WorldCat) Other Databases (Google Scholar) Online Stores (Bookfinder.com) Open Library (openlibrary.org)

Exporting to Dublin Core...

SOUTHVILLE LIBRARY

Southville International School and Colleges Library

1281 Tropical Ave. Cor. Luxembourg St., BF Homes International, Las Pinas City

Tel. No. 8256374 / 252358 Loc. 117/146

Powered by Koha